| 000 | 00345nam a22001577a 4500 | ||
|---|---|---|---|
| 003 | CEME | ||
| 005 | 20210628203806.0 | ||
| 008 | 210317b xxu||||| |||| 00| 0 eng d | ||
| 040 | _c. | ||
| 082 | _a0333 WAS | ||
| 100 |
_aPDF _956879 |
||
| 245 | _aAcams missile design | ||
| 260 |
_aRAWALPINDI _bPDF _c1996 |
||
| 300 | _aPDF | ||
| 942 |
_cBK _2ddc |
||
| 999 |
_c575132 _d575132 |
||